Biology of migratory animals / (Record no. 136597)

MARC details
000 -LEADER
fixed length control field 00672nam a2200241 4500
003 - CONTROL NUMBER IDENTIFIER
control field 0
005 - DATE AND TIME OF LATEST TRANSACTION
control field 20180718144531.0
008 - FIXED-LENGTH DATA ELEMENTS--GENERAL INFORMATION
fixed length control field 0
010 ## - LIBRARY OF CONGRESS CONTROL NUMBER
LC control number B-058787
020 ## - INTERNATIONAL STANDARD BOOK NUMBER
International Standard Book Number 8187336838
035 ## - SYSTEM CONTROL NUMBER
System control number B-058787 ,B-058785
037 ## - SOURCE OF ACQUISITION
Source of stock number/acquisition Cen Lib / Ret
040 ## - CATALOGING SOURCE
Original cataloging agency 591.525
Language of cataloging PAI
Transcribing agency 0
082 ## - DEWEY DECIMAL CLASSIFICATION NUMBER
Classification number 591.525
Item number PAI
100 ## - MAIN ENTRY--PERSONAL NAME
Personal name Paintal, Abhijit
245 ## - TITLE STATEMENT
Title Biology of migratory animals /
Statement of responsibility, etc by Abhijit Paintal
260 ## - PUBLICATION, DISTRIBUTION, ETC. (IMPRINT)
Place of publication, distribution, etc New Delhi
Name of publisher, distributor, etc Dominant Publishers and Distributors
Date of publication, distribution, etc 2007
270 ## - ADDRESS
Address 116A, South Anarkali
City Delhi
Postal code 110051
300 ## - PHYSICAL DESCRIPTION
Extent 268p
Other physical details 27cm(Hb)
650 ## - SUBJECT ADDED ENTRY--TOPICAL TERM
Topical term or geographic name as entry element Animal migration.
650 ## - SUBJECT ADDED ENTRY--TOPICAL TERM
Topical term or geographic name as entry element Migratory Animal
942 ## - ADDED ENTRY ELEMENTS (KOHA)
Source of classification or shelving scheme Dewey Decimal Classification
Koha item type English Books
Classification part 591.525
Call number suffix PAI
Holdings
Withdrawn status Lost status Source of classification or shelving scheme Materials specified (bound volume or other part) Damaged status Not for loan Home library Current library Date acquired Source of acquisition Total Checkouts Full call number Barcode Date last seen Copy number Price effective from Koha item type Public note Collection code Cost, normal purchase price Cost, replacement price
Written off   Dewey Decimal Classification v 2     Central Library Central Library 05/03/2016 Cen Lib/Ret   591.525 PAI B-058787 05/03/2016 1 05/03/2016 English Books Written off on approval by DLB (By Circulation); dtd 15-06-2023      
Written off     v 1     Central Library Central Library 09/03/2016 Cen Lib/Ret   591.525 PAI B-058784 09/03/2016 1 27/07/2016 English Books Written off on approval by DLB (By Circulation); dtd 15-06-2023      
    Dewey Decimal Classification       Patel Nagar Patel Nagar 18/07/2018 BPPD/PUB   591.525 PAI B-058785 18/07/2018   18/07/2018 English Books   Non-fiction 900.00 900.00
    Dewey Decimal Classification       Patel Nagar Patel Nagar 18/07/2018 BPPD/PUB   591.525 PAI B-058788 18/07/2018   18/07/2018 English Books   Non-fiction 0.00 0.00

© Delhi Public Library
Hit Counter
free hit counter